Stella stands alone / (Record no. 2508)

MARC details
000 -LEADER
fixed length control field 01272cam a2200337 a 4500
005 - DATE AND TIME OF LATEST TRANSACTION
control field 20231213134838.0
020 ## - INTERNATIONAL STANDARD BOOK NUMBER
International Standard Book Number 9781416911647 (hardcover)
020 ## - INTERNATIONAL STANDARD BOOK NUMBER
International Standard Book Number 9780545236881
040 ## - CATALOGING SOURCE
Original cataloging agency DLC
Transcribing agency DLC
Modifying agency DLC
Language of cataloging eng
050 00 - LIBRARY OF CONGRESS CALL NUMBER
Classification number PZ7.L1413
Item number Sse 2008
082 00 - DEWEY DECIMAL CLASSIFICATION NUMBER
Classification number 454
Edition number 22
100 1# - MAIN ENTRY--PERSONAL NAME
Personal name LaFaye, A.
245 10 - TITLE STATEMENT
Title Stella stands alone /
Statement of responsibility, etc. A. LaFaye
250 ## - EDITION STATEMENT
Edition statement First Scholastic printing, February 2010
260 ## - PUBLICATION, DISTRIBUTION, ETC.
Place of publication, distribution, etc. New York :
Name of publisher, distributor, etc. Scholastic,
Date of publication, distribution, etc. 2008
300 ## - PHYSICAL DESCRIPTION
Extent 245 pages :
Dimensions 22 cm
505 ## - FORMATTED CONTENTS NOTE
Formatted contents note V
520 ## - SUMMARY, ETC.
Summary, etc. Fourteen-year-old Stella, orphaned just after the Civil War, fights to keep her family's plantation and fulfill her father's desire to turn land over to the people who have worked on it for generations, but first she must find her father's hidden deed and will.
521 ## - TARGET AUDIENCE NOTE
Target audience note 850
Source Lexile
521 ## - TARGET AUDIENCE NOTE
Target audience note V
Source Raz-Plus
650 #0 - SUBJECT ADDED ENTRY--TOPICAL TERM
Topical term or geographic name entry element Reconstruction (U.S. history, 1865-1877)
Form subdivision Juvenile fiction.
650 #1 - SUBJECT ADDED ENTRY--TOPICAL TERM
Topical term or geographic name entry element Reconstruction (U.S. history, 1865-1877)
Form subdivision Fiction.
650 #1 - SUBJECT ADDED ENTRY--TOPICAL TERM
Topical term or geographic name entry element Swindlers and swindling
Form subdivision Fiction.
650 #1 - SUBJECT ADDED ENTRY--TOPICAL TERM
Topical term or geographic name entry element Orphans
Form subdivision Fiction.
650 #1 - SUBJECT ADDED ENTRY--TOPICAL TERM
Topical term or geographic name entry element Conduct of life
Form subdivision Fiction.
650 #1 - SUBJECT ADDED ENTRY--TOPICAL TERM
Topical term or geographic name entry element Freed persons
Form subdivision Fiction.
650 #1 - SUBJECT ADDED ENTRY--TOPICAL TERM
Topical term or geographic name entry element African Americans
Form subdivision Fiction.
906 ## - LOCAL DATA ELEMENT F, LDF (RLIN)
a 7
b cbc
c orignew
d 1
e ecip
f 20
g y-gencatlg
942 ## - ADDED ENTRY ELEMENTS (KOHA)
Source of classification or shelving scheme Dewey Decimal Classification
Koha item type Books
Suppress in OPAC No
999 ## -
-- 2508
-- 2508
Holdings
Withdrawn status Lost status Source of classification or shelving scheme Damaged status Not for loan Collection Home library Current library Shelving location Date acquired Total Checkouts Full call number Barcode Date last seen Date last checked out Price effective from Koha item type
    Dewey Decimal Classification     Fiction Footprints International School Library Network Toul Kork Campus Footprints International School Library Network Toul Kork Campus TTP Secondary Fiction Bookshelves 12/13/2023 1 LAF 454 PZ7.L1413 FIS01079 09/03/2024 09/03/2024 12/13/2023 Books